Loading...
| Science - Biology | 0 | 3 | 0 | 2 | 30 | 55 | 70.33 | 0 | 1 | 7.85 | 14.44 |
| Literature - World | 0 | 2 | 0 | 0 | 20 | 20 | 43.00 | 0 | 2 | 12.46 | 16.53 |
| Science - Chemistry | 0 | 2 | 0 | 1 | 20 | 92 | 94.50 | 0 | 0 | 2.58 | 9.44 |
| Current Events | 0 | 1 | 0 | 1 | 10 | 36 | 36.00 | 0 | 0 | 13.45 | 11.11 |
| Fine Arts - Other | 0 | 1 | 0 | 1 | 10 | 82 | 82.00 | 0 | 0 | 2.87 | 4.44 |
| Pop Culture | 0 | 1 | 0 | 0 | 10 | 30 | 30.00 | 0 | 1 | 14.55 | 17.78 |
| Science - Other | 0 | 1 | 0 | 1 | 10 | 82 | 82.00 | 0 | 1 | 2.41 | 4.44 |
| Geography | 0 | 1 | 1 | 1 | 5 | 76 | 76.00 | 1 | 1 | 7.12 | 15.56 |
| Painting/Sculpture | 0 | 0 | 0 | 0 | 0 | 0.00 | 0 | 0 | 0.00 | 0.00 | |
| Social Science | 0 | 0 | 1 | 0 | -5 | 0.00 | 0 | 0 | 0.00 | 0.00 |